10 Random US State Capitals - Statistics

General Stats
  • This quiz has been taken 986 times
  • The average score is 9 of 10
Answer Stats
State Capital City % Correct
Texas Austin
100%
Massachusetts Boston
100%
Wyoming Cheyenne
100%
Hawaii Honolulu
100%
Mississippi Jackson
100%
Washington Olympia
100%
Arizona Phoenix
100%
California Sacramento
100%
Minnesota Saint Paul
100%
Ohio Columbus
97%
New York Albany
96%
Arkansas Little Rock
96%
Wisconsin Madison
96%
Louisiana Baton Rouge
95%
Indiana Indianapolis
95%
Oklahoma Oklahoma City
94%
Florida Tallahassee
94%
Kansas Topeka
94%
Maine Augusta
93%
Idaho Boise
92%
South Dakota Pierre
92%
North Carolina Raleigh
92%
Nevada Carson City
91%
Maryland Annapolis
90%
Connecticut Hartford
90%
Tennessee Nashville
90%
Utah Salt Lake City
90%
South Carolina Columbia
89%
Alabama Montgomery
89%
Vermont Montpelier
89%
Illinois Springfield
89%
Alaska Juneau
88%
New Jersey Trenton
88%
Georgia Atlanta
87%
Pennsylvania Harrisburg
87%
Colorado Denver
86%
Kentucky Frankfort
86%
Nebraska Lincoln
86%
Rhode Island Providence
86%
New Hampshire Concord
85%
New Mexico Santa Fe
85%
Missouri Jefferson City
84%
Iowa Des Moines
83%
Oregon Salem
82%
North Dakota Bismarck
81%
Delaware Dover
80%
Michigan Lansing
79%
Montana Helena
78%
West Virginia Charleston
76%
Virginia Richmond
70%
No matching quizzes found
Score Distribution
Percent of People with Each Score
Percentile by Number Answered
Your Score History
You have not taken this quiz